| 000 | 00798nam a22002417a 4500 | ||
|---|---|---|---|
| 999 |
_c1661 _d1661 |
||
| 003 | AR-CdUCM | ||
| 008 | 190227b ||||| |||| 00| 0 spa d | ||
| 040 |
_aMUNICIPALIDAD PROVINCIAL DEL CUSCO _cBIBLIOTECA MUNICIPAL DEL CUSCO |
||
| 041 | _hale | ||
| 082 |
_a325.2 / _bL98 |
||
| 100 |
_aLuxemburgo, Rosa _96177 |
||
| 245 | _aReforma o revolución / | ||
| 260 |
_aMéxico : _bGrijalbo , _c1967. |
||
| 300 |
_a158 páginas ; _c18 cm. |
||
| 440 |
_aColección 70 _92202 |
||
| 505 | _aEl comunismo y su método -- Adaptabilidad del capitalismo -- La progresión al socialismo a través de las reformas sociales... | ||
| 650 |
_aRevolución. _9844 |
||
| 650 |
_aReforma. _94889 |
||
| 650 |
_aSocialismo. _91037 |
||
| 650 |
_aCapitalismo. _93221 |
||
| 942 |
_2ddc _cLIBROS |
||
| 945 |
_awfj _d2019-02-27 |
||